000 00497nam a2200205Ia 4500
999 _c59141
_d59141
003 0100
005 20170503091610.0
008 130303s9999 xx 000 0 und d
040 _cARRUPELIB
050 _aHD1339.Z5R16
100 _aRanger, Terence
_93168
245 _aPeasant consciousness and guerrilla war in Zimbabwe
245 _bA Comparative study
260 _bJames Currey
_aOxford
_c1985
300 _a377p.
300 _b 22cm
650 _aMau Mau
_930305
650 _aNational liberation movements
_zZimbabwe
_914781
650 _aPeasantry
_xPolitical activity
_zZimbabwe
_929928
650 _aZimbabwe
_xPolitics
_y1965-1979
_926452
942 _2lcc
_01
_cMONOGRAPH